000
00306nam a2200133Ia 4500
005
20260326235440.0
008
260326s9999||||xx |||||||||||||| ||und||
100
_a
Morand, Paul
245
0
_a
New York /
_c
Paul Morand
260
_b
Calpe
300
_a
185 p.
650
_a
ARQUITECTURA REGIONAL
942
_c
BK
999
_c
7382
_d
7382